| 000 -LEADER |
| fixed length control field |
01590cam a22003374a 4500 |
| 001 - CONTROL NUMBER |
| control field |
13045253 |
| 005 - DATE AND TIME OF LATEST TRANSACTION |
| control field |
20161129094032.0 |
| 008 - FIXED-LENGTH DATA ELEMENTS--GENERAL INFORMATION |
| fixed length control field |
030102s2004 enka b 001 0 eng |
| 010 ## - LIBRARY OF CONGRESS CONTROL NUMBER |
| LC control number |
2003040904 |
| 020 ## - INTERNATIONAL STANDARD BOOK NUMBER |
| International Standard Book Number |
0521820162 |
| 040 ## - CATALOGING SOURCE |
| Original cataloging agency |
DLC |
| Transcribing agency |
DLC |
| Modifying agency |
DLC |
| 042 ## - AUTHENTICATION CODE |
| Authentication code |
pcc |
| 043 ## - GEOGRAPHIC AREA CODE |
| Geographic area code |
e-gr--- |
| 050 00 - LIBRARY OF CONGRESS CALL NUMBER |
| Classification number |
NK4650 |
| Item number |
.L5034 2004 |
| 100 1# - MAIN ENTRY--PERSONAL NAME |
| Personal name |
Oakley, John Howard, |
| Dates associated with a name |
1949- |
| 245 10 - TITLE STATEMENT |
| Title |
Picturing death in classical Athens : |
| Remainder of title |
the evidence of the white lekythoi / |
| Statement of responsibility, etc. |
John H. Oakley. |
| 260 ## - PUBLICATION, DISTRIBUTION, ETC. (IMPRINT) |
| Place of publication, distribution, etc. |
Cambridge, U.K. ; |
| -- |
New York, NY : |
| Name of publisher, distributor, etc. |
Cambridge University Press, |
| Date of publication, distribution, etc. |
2004. |
| 300 ## - PHYSICAL DESCRIPTION |
| Extent |
xxvi, 268 p. : |
| Other physical details |
ill. (some col.) ; |
| Dimensions |
29 cm. |
| 440 #0 - SERIES STATEMENT/ADDED ENTRY--TITLE |
| Title |
Cambridge studies in classical art and iconography |
| 504 ## - BIBLIOGRAPHY, ETC. NOTE |
| Bibliography, etc |
Includes bibliographical references (p. 255-260) and index. |
| 650 #0 - SUBJECT ADDED ENTRY--TOPICAL TERM |
| Topical term or geographic name as entry element |
Lecythi. |
| 650 #0 - SUBJECT ADDED ENTRY--TOPICAL TERM |
| Topical term or geographic name as entry element |
Vase-painting, Greek |
| Geographic subdivision |
Greece |
| -- |
Athens |
| General subdivision |
Themes, motives. |
| 650 #0 - SUBJECT ADDED ENTRY--TOPICAL TERM |
| Topical term or geographic name as entry element |
Greeks |
| General subdivision |
Funeral customs and rites. |
| 856 41 - ELECTRONIC LOCATION AND ACCESS |
| Materials specified |
Sample text |
| Uniform Resource Identifier |
<a href="http://www.loc.gov/catdir/samples/cam051/2003040904.html">http://www.loc.gov/catdir/samples/cam051/2003040904.html</a> |
| 856 42 - ELECTRONIC LOCATION AND ACCESS |
| Materials specified |
Publisher description |
| Uniform Resource Identifier |
<a href="http://www.loc.gov/catdir/description/cam032/2003040904.html">http://www.loc.gov/catdir/description/cam032/2003040904.html</a> |
| 856 41 - ELECTRONIC LOCATION AND ACCESS |
| Materials specified |
Table of contents |
| Uniform Resource Identifier |
<a href="http://www.loc.gov/catdir/toc/cam031/2003040904.html">http://www.loc.gov/catdir/toc/cam031/2003040904.html</a> |
| 942 ## - ADDED ENTRY ELEMENTS (KOHA) |
| Source of classification or shelving scheme |
|
| Koha item type |
Hard Covered Materials |
| Classification part |
NK4650 .L5034 2004 |